[Event "BRA-ch U16"]
[Site "Itajai"]
[Date "2017.06.03"]
[Round "4"]
[White "Paes, Gustavo Verissimo"]
[Black "Oliveira, Carlos Henrique Lop"]
[Result "0-1"]
[WhiteElo "1800"]
[BlackElo "1780"]
[PlyCount "112"]
[EventDate "2017.06.01"]
[EventType "swiss"]
[EventRounds "6"]
[EventCountry "BRA"]
[SourceTitle "CBM 179 Extra"]
[Source "ChessBase"]
[SourceDate "2017.08.23"]
[SourceVersion "1"]
[SourceVersionDate "2017.08.23"]
[SourceQuality "1"]

1. e4 c6 2. Nf3 d6 3. Nc3 Bg4 4. h3 Bh5 5. Be2 Nd7 6. d4 e5 7. Be3 Ngf6 8. Nd2 Bg6 9. Bf3 Qb6 10. Nc4 Qc7 11. Na3 Be7 12. 0-0 exd4 13. Bxd4 Ne5 14. Bxe5 dxe5 15. Qe2 Bxa3 16. bxa3 Qa5 17. Qe3 Qxa3 18. Rab1 Qe7 19. a4 0-0 20. Rfd1 b6 21. Qe2 Rfd8 22. Kh2 Rd4 23. Rxd4 exd4 24. Na2 Bxe4 25. Bxe4 Qxe4 26. Qxe4 Nxe4 27. f3 Nf6 28. Rd1 c5 29. c3 Rd8 30. cxd4 Rxd4 31. Rxd4 cxd4 32. Kg1 Kf8 33. Kf2 Ke7 34. Ke2 Kd6 35. Kd3 Kc5 36. g4 Nd5 37. Nc1 Nf4+ 38. Kc2 Nxh3 39. Nd3+ Kd5 40. Nb4+ Kc4 41. Nd3 h6 42. Nb2+ Kd5 43. Nd3 a5 44. Ne1 Nf4 45. Kb3 g6 46. Nc2 h5 47. gxh5 gxh5 48. Ne1 h4 49. Nc2 h3 50. Na1 h2 51. Ka2 h1Q 52. Nb3 Qxf3 53. Nd2 Qe2 54. Kb3 Qxd2 55. Ka3 Qb4+ 56. Ka2 Nd3 0-1